Weder Sozialtechnologie noch Aufklärung?: Analysen zur Verwendung sozialwissenschaftlichen Wissens
Ulrich Beck/Wolfgang Bonß (Hrsg.): "Weder Sozialtechnologie noch Aufklärung?" Analysen zur Verwendung sozialwissenschaftlichen Wissens. Suhrkamp Verlag, Frankfurt am Main 1989. 495 S., kt., 28,- DM
| Contributors: | ; |
|---|---|
| Format: | Print Book |
| Language: | German |
| Published: |
Frankfurt am Main
Suhrkamp
1989
|
| In: | Year: 1989 |
| Edition: | 1. Aufl. |
| Online Access: |
Table of Contents Table of Contents |
| Availability in Tübingen: | Present in Tübingen. IFK: O I 235 |
| Check availability: | HBZ Gateway |
| Subito Delivery Service: | Order now. |
| Volumes / Articles: | Show volumes/articles. |
| Keywords: |
MARC
| LEADER | 00000cam a2200000 c 4500 | ||
|---|---|---|---|
| 001 | 027405176 | ||
| 003 | DE-627 | ||
| 005 | 20260206193910.0 | ||
| 007 | tu | ||
| 008 | 890821s1989 gw ||||| 00| ||ger c | ||
| 015 | |a 89,N21,0084 |2 dnb | ||
| 015 | |a 89,N21,0084 |2 dnb | ||
| 016 | 7 | |a 890805059 |2 DE-101 | |
| 020 | |a 3518283154 |c : DM 28.00 (kart.) |9 3-518-28315-4 | ||
| 035 | |a (DE-627)027405176 | ||
| 035 | |a (DE-603)010641319 | ||
| 035 | |a (DE-576)01833847X | ||
| 035 | |a (DE-599)GBV027405176 | ||
| 035 | |a (OCoLC)21267031 | ||
| 035 | |a (OCoLC)230981648 | ||
| 035 | |a (OCoLC)21267031 | ||
| 035 | |a (DE-H357)his9710 | ||
| 040 | |a DE-627 |b ger |c DE-627 |e rakwb | ||
| 041 | |a ger | ||
| 044 | |c XA-DE | ||
| 084 | |a 14 |2 sdnb | ||
| 084 | |a 1 |2 ssgn | ||
| 084 | |a MQ 1200 |2 rvk |0 (DE-625)rvk/123412: | ||
| 084 | |a MR 3000 |2 rvk |0 (DE-625)rvk/123500: | ||
| 084 | |a CW 8500 |2 rvk |0 (DE-625)rvk/19209: | ||
| 084 | |a MR 1100 |2 rvk |0 (DE-625)rvk/123485: | ||
| 084 | |a MQ 1600 |2 rvk |0 (DE-625)rvk/123414: | ||
| 084 | |a CC 3900 |2 rvk |0 (DE-625)rvk/17622: | ||
| 084 | |a 70.02 |2 bkl | ||
| 084 | |a 71.02 |2 bkl | ||
| 245 | 0 | 0 | |a Weder Sozialtechnologie noch Aufklärung? |b Analysen zur Verwendung sozialwissenschaftlichen Wissens |c hrsg. von Ulrich Beck und Wolfgang Bonß |
| 250 | |a 1. Aufl. | ||
| 264 | 1 | |a Frankfurt am Main |b Suhrkamp |c 1989 | |
| 300 | |a 495 S. |c 18 cm | ||
| 336 | |a Text |b txt |2 rdacontent | ||
| 337 | |a ohne Hilfsmittel zu benutzen |b n |2 rdamedia | ||
| 338 | |a Band |b nc |2 rdacarrier | ||
| 490 | 0 | |a Suhrkamp-Taschenbuch Wissenschaft |v 715 | |
| 500 | |a Literaturangaben | ||
| 520 | |a Ulrich Beck/Wolfgang Bonß (Hrsg.): "Weder Sozialtechnologie noch Aufklärung?" Analysen zur Verwendung sozialwissenschaftlichen Wissens. Suhrkamp Verlag, Frankfurt am Main 1989. 495 S., kt., 28,- DM | ||
| 583 | 1 | |a Massenentsäuert |c 2010 |k DE-18 |2 pdager |5 DE-18-64 | |
| 650 | 0 | 7 | |0 (DE-588)4055916-6 |0 (DE-627)106156411 |0 (DE-576)209115904 |a Sozialwissenschaften |2 gnd |
| 650 | 4 | |a Sozialwissenschaften | |
| 650 | 4 | |a Verwissenschaftlichung | |
| 650 | 4 | |a Soziologie | |
| 650 | 4 | |a Soziologie | |
| 650 | 4 | |a Wissenssoziologie | |
| 650 | 4 | |a Wissenschaft : Gesellschaft | |
| 650 | 4 | |a Theorie : Praxis | |
| 650 | 4 | |a Politikberatung | |
| 650 | 4 | |a Wissen, Aufklärung, Praxis, Beratung, Soziologie, Pädagogik, Beck | |
| 655 | 7 | |a Aufsatzsammlung |0 (DE-588)4143413-4 |0 (DE-627)105605727 |0 (DE-576)209726091 |2 gnd-content | |
| 689 | 0 | 0 | |d s |0 (DE-588)4055916-6 |0 (DE-627)106156411 |0 (DE-576)209115904 |a Sozialwissenschaften |2 gnd |
| 689 | 0 | 1 | |d s |0 (DE-588)4059787-8 |0 (DE-627)106142275 |0 (DE-576)209132256 |a Theorie |2 gnd |
| 689 | 0 | 2 | |d s |0 (DE-588)4047068-4 |0 (DE-627)106195859 |0 (DE-576)209072113 |a Praxis |2 gnd |
| 689 | 0 | |5 DE-101 | |
| 700 | 1 | |a Beck, Ulrich |d 1944-2015 |e Hrsg. |0 (DE-588)118832344 |0 (DE-627)07960692X |0 (DE-576)160215560 |4 edt | |
| 700 | 1 | |a Bonß, Wolfgang |d 1952- |0 (DE-588)142066613 |0 (DE-627)633522163 |0 (DE-576)160366747 |4 oth | |
| 856 | 4 | 2 | |u https://swbplus.bsz-bw.de/bsz01833847xinh.htm |m V:DE-576 |v 2006-06-07 |3 Inhaltsverzeichnis |7 1 |
| 856 | 4 | 2 | |u http://scans.hebis.de/HEBCGI/show.pl?01064131_toc.pdf |m V:DE-603;B:DE-17 |q application/pdf |3 Inhaltsverzeichnis |7 1 |
| 889 | |w (DE-627)357634470 | ||
| 935 | |a mteo | ||
| 935 | |i mdedup | ||
| 935 | |i Blocktest | ||
| 936 | r | v | |a MQ 1200 |b Allgemeine Einführungen in die Soziologie |k Soziologie |k Einführung und Geschichte |k Einführungen und Reader |k Allgemeine Einführungen in die Soziologie |0 (DE-627)1271366118 |0 (DE-625)rvk/123412: |0 (DE-576)201366118 |
| 936 | r | v | |a MR 3000 |b Allgemeine Darstellungen |k Soziologie |k Sozialwissenschaftliche Theorien und Methoden |k Das Verhältnis der Soziologie zu anderen Wissenschaften |k Allgemeine Darstellungen |0 (DE-627)1271427974 |0 (DE-625)rvk/123500: |0 (DE-576)201427974 |
| 936 | r | v | |a CW 8500 |b Politische Psychologie |k Psychologie |k Angewandte Psychologie |k Andere Gebiete der angewandten Psychologie |k Politische Psychologie |0 (DE-627)1271516926 |0 (DE-625)rvk/19209: |0 (DE-576)201516926 |
| 936 | r | v | |a MR 1100 |b Sozialwissenschaftliche Methodologie und Methodenkritik |k Soziologie |k Sozialwissenschaftliche Theorien und Methoden |k Wissenschaftstheorie und Erkenntnistheorie |k Sozialwissenschaftliche Methodologie und Methodenkritik |0 (DE-627)127142746X |0 (DE-625)rvk/123485: |0 (DE-576)20142746X |
| 936 | r | v | |a MQ 1600 |b Textsammlungen (nicht spezielle Reader); Festschriften |k Soziologie |k Einführung und Geschichte |k Einführungen und Reader |k Textsammlungen (nicht spezielle Reader); Festschriften |0 (DE-627)1270879766 |0 (DE-625)rvk/123414: |0 (DE-576)200879766 |
| 936 | r | v | |a CC 3900 |b Zur Theorie der Sozialwissenschaften |k Philosophie |k Systematische Philosophie |k Spezielle Wissenschaftstheorie |k Zur Theorie der Sozialwissenschaften |0 (DE-627)1270638831 |0 (DE-625)rvk/17622: |0 (DE-576)200638831 |
| 936 | b | k | |a 70.02 |j Philosophie und Theorie der Sozialwissenschaften |0 (DE-627)10641142X |
| 936 | b | k | |a 71.02 |j Theorie der Soziologie |0 (DE-627)106416189 |
| 936 | s | n | |a c100 |2 mzub |
| 936 | s | n | |a c200 |2 mzub |
| 936 | s | n | |a m200 |2 mzub |
| 951 | |a BO | ||
| ELC | |b 1 | ||
| LOK | |0 000 xxxxxcx a22 zn 4500 | ||
| LOK | |0 001 3324721504 | ||
| LOK | |0 003 DE-627 | ||
| LOK | |0 004 027405176 | ||
| LOK | |0 005 20140819093444 | ||
| LOK | |0 008 930429||||||||||||||||ger||||||| | ||
| LOK | |0 040 |a DE-21-110 |c DE-627 |d DE-21-110 | ||
| LOK | |0 689 |a s |a Theorie-Praxis | ||
| LOK | |0 852 |a DE-21-110 | ||
| LOK | |0 852 1 |c O I 235 |m p |9 00 | ||
| LOK | |0 935 |a k110 | ||
| LOK | |0 936ln |a 7.1 | ||
| LOK | |0 938 |k p | ||
| LOK | |0 939 |a 29-04-93 |b l01 | ||
| ORI | |a SA-MARC-krimdoka001.raw | ||
| SIG | |a IFK: O I 235 | ||
| SPR | |a 1 |t KRI | ||
